Teoría y método modernos del adiestramiento grupal /

Guardado en:
Autor Principal: Dyer, William G.
Formato: Libro
Publicado: Buenos Aires : Guadalupe, 1975
Materias:
Etiquetas: Agregar Etiqueta
Sin Etiquetas, Sea el primero en etiquetar este registro!
LEADER 00551nam a22001935a 4500
001 CEM.cems002181
005 20060216000000.0
008 130507s1975##################000#0#####d
003 CEMS
082 0 4 |a 371 
100 1 |a Dyer, William G. 
245 1 0 |a Teoría y método modernos del adiestramiento grupal / 
260 |a Buenos Aires :  |b Guadalupe,  |c 1975 
300 |a 284 p. 
653 |a Dinamica de grupos 
653 |a Educacion 
653 |a Pedagogia 
653 |a Sociologia de la educacion 
859 |a CEMS  |b BIB. CEMS - 11 de abril  |h 371  |i D988  |p 7980.80  |t Ej.1